Harmonizace účetnictví a aplikace IAS/IFRS vybrané IAS/IFRS v podmínkách českých podniků

Na minha lista:
Detalhes bibliográficos
Autor principal: Bohušová, Hana
Formato: Livro
Idioma:tcheco
Publicado em: Praha ASPI Wolters Kluwer 2008
Assuntos:
Tags: Adicionar Tag
Sem tags, seja o primeiro a adicionar uma tag!

MARC

LEADER 00000nam$a2200000$$$4500
001 0086011
005 20240313085833.4
020 |a 978-80-7357-366-9 
041 0 |a cze 
044 |a CZ 
245 1 0 |a Harmonizace účetnictví a aplikace IAS/IFRS  |b vybrané IAS/IFRS v podmínkách českých podniků  |c Hana Bohušová 
264 1 |a Praha  |b ASPI Wolters Kluwer  |c 2008 
300 |a 307 s. 
610 2 0 |a účtovníctvo 
610 2 0 |a harmonizácia 
610 2 0 |a štandardy účtovné medzinárodné 
610 2 0 |a výkazníctvo účtovné 
610 2 0 |a závierka účtovná 
610 2 0 |a zásoby 
610 2 0 |a peniaze 
610 2 0 |a výnosy 
610 2 0 |a pozemky 
610 2 0 |a budovy 
610 2 0 |a lízing 
610 2 0 |a rezervy 
610 2 0 |a záväzky 
610 2 0 |a aktíva 
610 2 0 |a dane zo zisku 
610 2 0 |a hodnota 
610 2 0 |a investície 
610 2 0 |a predaj 
610 2 0 |a pôžičky 
610 2 0 |a náklady 
610 2 0 |a dotácie štátne 
610 2 0 |a kurz menový 
610 2 0 |a požitky 
610 2 0 |a podnik malý 
610 2 0 |a podnik stredný 
610 2 0 |a Česko 
610 2 0 |a IFRS 
610 2 0 |a IAS 
100 1 |a Bohušová, Hana